|
|
|
|
| LEADER |
00918nam a22002537a 4500 |
| 001 |
43534 |
| 003 |
BD-DhAAL |
| 005 |
20250814214205.0 |
| 008 |
241105t1997 ii ||||| |||| 00| 0 eng d |
| 020 |
|
|
|a 8175540737
|
| 040 |
|
|
|a BD-DhAAL
|c BD-DhAAL
|
| 082 |
|
|
|a 808.0665
|
| 100 |
|
|
|a Westwood, John.
|9 57127
|
| 245 |
|
|
|a 30 minutes ... to write a marketing plan /
|c John Westwood.
|
| 260 |
|
|
|a New Delhi :
|b Kogan page,
|c 1997.
|
| 300 |
|
|
|a 66 pages :
|c 18 cm.
|
| 490 |
|
|
|a 30 minutes series
|
| 541 |
|
|
|a Savar Campus Library
|e 43534
|
| 650 |
|
|
|a Business writing.
|
| 650 |
|
|
|a English language
|x Business English.
|
| 830 |
|
|
|a 30 minutes series
|9 57128
|
| 942 |
|
|
|2 ddc
|c BK
|
| 999 |
|
|
|c 47094
|d 47094
|
| 952 |
|
|
|0 0
|1 0
|2 ddc
|4 0
|6 808_066500000000000_WES
|7 0
|9 76874
|a SCL
|b SCL
|c GEN
|d 2024-11-05
|e Savar Campus Library
|l 0
|o 808.0665 WES
|p 3020043631
|r 2024-11-05
|t 1
|w 2024-11-05
|y BK
|x Price not available in register. Savar Campus Library.
|